| 000 | 00695nam a22002057a 4500 | ||
|---|---|---|---|
| 001 | 129908 | ||
| 003 | ES-SlBCS | ||
| 005 | 20260309093537.0 | ||
| 008 | 260309b ||||| |||| 00| 0 spa d | ||
| 017 |
_aM 3858-2026 _bMadrid |
||
| 020 | _a978-84-8440-963-2 | ||
| 040 |
_aES-SlBCS _bspa _dES-SlBCS |
||
| 100 | 1 |
_aRomán Martínez, Carmen (coord.) - Mariño Rico, Águeda - Martínez Higuera, Mariela _9429369 |
|
| 245 | 1 |
_aMientras haya personas, hay esperanza. _bCuaresma y Pascua 2026 _cCARITAS |
|
| 260 |
_aMadrid _bCARITAS _c2026 |
||
| 300 |
_a332 p., _c21 cm. |
||
| 490 | 0 | _aGuiones litúrgicos Ciclo A | |
| 650 | 0 |
_aLITURGIA _vGuiones Ciclo A _xCuaresma y Pascua _9429370 |
|
| 942 |
_2lcc _cBK |
||
| 999 |
_c904015 _d904015 |
||